000 00498nam a2200181Ia 4500
001 1934
005 20260306143805.0
008 260306t2014||||xx |||||||||||||| ||spa||
041 _aESP
082 _a158.1
_bS523
100 _aShapiro, Shauna L.
_eAUT
245 0 _aArte y ciencia del mindfulness:
_bintegrar el mindfulness en la psicologĂ­a y en las profesiones de ayuda
260 _c2014
300 _a278 páginas :
_c21 cm.
650 _aGEN
654 _aCPS
942 _cLIB
_dJUS
_fJUS
_2ddc
_n
999 _c1934
_d1934